000 00161nam a22000857a 4500
082 _a823
_bSTE/T
100 _aSTEVESON, R L
245 _aTREASURE ISLAND
942 _cBK
999 _c8073
_d8073